Emil Zegadłowicz daleki i bliski

Bibliographic Details
Format: Book
Language:Polish
PhysicalDescription:419 s. fotogr., ilustr. 25 cm
Published: Katowice Wydawnictwo Uniwersytetu Śląskiego Katowice 2015
ISBN:9788380122604
9788380122611
ISSN:0208-6336
Series:Prace Naukowe Uniwersytetu Śląskiego w Katowicach
Subjects:

MARC

LEADER 00000cam a2200000 a 4500
001 vtls011551076
003 SK-MaSNL
005 20260301092054.0
008 160509s2015 pl ao 001 0 pol
020 |a 9788380122604  |q (viazané) 
020 |a 9788380122611  |q (elektronické) 
040 |a SNK  |b slo  |c SNK  |e AACR2 
041 0 |a pol  |b eng 
044 |a pl  |c PL 
072 7 |a 821.162.1.09  |x Poľská literatúra (o nej)  |2 konspekt 
080 |a 821.162.1  |2 2011 
080 |a 82.09  |2 2011 
080 |a 82.091  |2 2011 
080 |a 82:316.3  |2 2011 
080 |a (082)  |2 2011 
245 0 0 |a Emil Zegadłowicz daleki i bliski  |c pod redakcją Henryka Czubały, Krzysztofa Kłosińskiego, Krystyny Latawiec i Włodzimierza Próchnickiego 
260 |a Katowice  |b Wydawnictwo Uniwersytetu Śląskiego Katowice  |c 2015 
300 |a 419 s.  |b fotogr., ilustr.  |c 25 cm 
490 1 |a Prace Naukowe Uniwersytetu Śląskiego w Katowicach  |v nr. 3208  |x 0208-6336 
504 |a Obsahuje bibliogr. ; bibliogr. odkazy ; reg. 
648 7 |a 20. stor.  |2 SNKPH  |9 275975 
648 7 |a 20th century  |2 SNKPHeng  |9 277995 
650 0 7 |a poľská literatúra  |2 SNKPH  |9 1201 
650 0 7 |a literárnovedné rozbory  |2 SNKPH  |9 241582 
650 0 7 |a literárne vplyvy  |2 SNKPH  |9 66548 
650 0 7 |a Polish literature  |2 SNKPHeng  |9 267172 
650 0 7 |a Literary criticism and history  |2 SNKPHeng  |9 270823 
650 0 7 |a Literary influences  |2 SNKPHeng  |9 336694 
650 0 7 |a literatúra a spoločnosť  |2 SNKPH  |9 64420 
650 0 7 |a Literature and society  |2 SNKPHeng  |9 283115 
655 7 |a zborníky  |2 SNKPH  |9 70165 
655 7 |a Papers by one author  |2 SNKPHeng  |9 155030 
700 1 |a Czubała, Henryk  |4 red  |9 422345 
700 1 |a Kłosiński, Krzysztof  |4 red  |9 422346 
700 1 |a Latawiec, Krystyna  |4 red  |9 422347 
700 1 |a Próchnicki, Włodzimierz  |4 red  |9 422348 
830 0 |a Prace Naukowe Uniwersytetu Śląskiego w Katowicach  |9 288146 
919 |a 978-83-8012-260-4 
919 |a 978-83-8012-261-1 
958 |a NB 
958 |a PL 
958 |a LX 
999 |c 672939  |d 674869 
952 |a SNK  |b SNK  |y VYP  |7 0  |p 17A1195668  |o snkIC 142621  |i snk2016/13129  |8 2  |g 16.88  |0 0  |1 0  |4 0  |d 2016-05-09  |l 0  |r 2026-02-23 19:32:21  |w 2026-02-23